<?xml version="1.0" encoding="UTF-8"?><?xml-stylesheet type="text/xsl" href="static/style.xsl"?><OAI-PMH xmlns="http://www.openarchives.org/OAI/2.0/" xmlns:xsi="http://www.w3.org/2001/XMLSchema-instance" xsi:schemaLocation="http://www.openarchives.org/OAI/2.0/ http://www.openarchives.org/OAI/2.0/OAI-PMH.xsd"><responseDate>2026-06-07T05:10:58Z</responseDate><request verb="GetRecord" identifier="oai:riuma.uma.es:10630/3649" metadataPrefix="marc">https://riuma.uma.es/rest/oai/request</request><GetRecord><record><header><identifier>oai:riuma.uma.es:10630/3649</identifier><datestamp>2026-02-03T12:48:41Z</datestamp><setSpec>com_10630_27</setSpec><setSpec>com_10630_3139</setSpec><setSpec>com_10630_10</setSpec><setSpec>col_10630_554</setSpec></header><metadata><record xmlns="http://www.loc.gov/MARC21/slim" xmlns:dcterms="http://purl.org/dc/terms/" xmlns:doc="http://www.lyncode.com/xoai" xmlns:xsi="http://www.w3.org/2001/XMLSchema-instance" xsi:schemaLocation="http://www.loc.gov/MARC21/slim http://www.loc.gov/standards/marcxml/schema/MARC21slim.xsd">
   <leader>00925njm 22002777a 4500</leader>
   <datafield ind2=" " ind1=" " tag="042">
      <subfield code="a">dc</subfield>
   </datafield>
   <datafield ind2=" " ind1=" " tag="720">
      <subfield code="a">Casas Puig, María Carmen</subfield>
      <subfield code="e">author</subfield>
   </datafield>
   <datafield ind2=" " ind1=" " tag="720">
      <subfield code="a">Fuertes Lasala, Esther</subfield>
      <subfield code="e">author</subfield>
   </datafield>
   <datafield ind2=" " ind1=" " tag="720">
      <subfield code="a">Simó, Rosa M.</subfield>
      <subfield code="e">author</subfield>
   </datafield>
   <datafield ind2=" " ind1=" " tag="720">
      <subfield code="a">Varo, Juan</subfield>
      <subfield code="e">author</subfield>
   </datafield>
   <datafield ind2=" " ind1=" " tag="260">
      <subfield code="c">1982</subfield>
   </datafield>
   <datafield ind2=" " ind1=" " tag="520">
      <subfield code="a">La VII Reunión de Briología tuvo lugar los días 5 al 9 de abril de 1976 en Mora de Rubielos, con objeto de continuar el estudio del Sistema Ibérico iniciado con la Sierra de Albarracín. Durante las jornadas de trabajo se exploraron las sierras de Jabalambre y Gúdar. En esta comunicación damos a conocer el resultado de nuestras recolecciones en ambas Sierras. Después de un somero estudio de la vegetación de la zona objeto de nuestro trabajo, se da a conocer la presencia de 17 especies de Hepáticas y 125 de Musgos. Este resultado representa la primera aportación para esta parte del Sistema Ibérico y una notable contribución al conocimiento de la brioflora turolense.</subfield>
   </datafield>
   <datafield ind2=" " ind1=" " tag="520">
      <subfield code="a">The VII Bryological Meeting took place on the 5th to the 9th of April, 1976 in Mora de Rubielos, its aim being to continue the study of the Iberian System which began in the Sierra de Albarracín. Work done during the Meeting consisted in exploring the sierras ofJabaIambre and Gúdar. The result of our gatherings in both these sierras is made known in this article. After a summary study ofthe vegetation of the area which was the subject of our investigation, the presence of 17 species of Hepaticae and 125 of Mosses is discovered. These results form the first contribution for this part of the Iberian System and an important contribution to the knowledge of the Teruel bryoflora.</subfield>
   </datafield>
   <datafield ind1="8" ind2=" " tag="024">
      <subfield code="a">Acta Botánica Malacitana, Nº 7&#xd;
, 1982, Págs. 119&#xd;
-140</subfield>
   </datafield>
   <datafield ind1="8" ind2=" " tag="024">
      <subfield code="a">02109506</subfield>
   </datafield>
   <datafield ind1="8" ind2=" " tag="024">
      <subfield code="a">http://hdl.handle.net/10630/3649</subfield>
   </datafield>
   <datafield ind2="0" ind1="0" tag="245">
      <subfield code="a">Aportación al conocimiento de la flora briológica española. Nótula IV: las Sierras de Jabalambre y Gúdar (Teruel)</subfield>
   </datafield>
</record>
</metadata></record></GetRecord></OAI-PMH>